Quizzes
Events
Quiz Creation
Community
Videos
Private Events
Remove Ads
Sign In
Join for FREE
Feedback
Dark Mode
Quiz Categories
Sports
Geography
Music
Movies
Television
Just For Fun
Miscellaneous
History
Literature
Language
Science
Gaming
Entertainment
Religion
Holiday
For Kids
Quiz Lab
Recent
Popular Today
Quiz Kudos Today
Editor Picks
Curator Picks
Quizzes by...
Day
Popularity
Type
Ratings
Length
Year
Community
Subscriptions
Recent Discussions
Orange Saloon
Badges
Playlists
Quests
Create
Leaderboards
Showdown
Live 5
Trivia Bingo
Activity
Puzzle Library
Sporcle Events
Private Events
Virtual Trivia
Globe League
Become a Host
Pub Owners
SporcleCon
Opinionation
Our Games
Videos
Blog
Mobile Apps
Partnerships
Remove Ads and Go Orange
Feedback
Science
Computer
Plants
Astronomy
Chemistry
Elements
Math
Animal
Physics
Anatomy
Biology
Geology
General Science
Science
Computer
Plants
Astronomy
Chemistry
Elements
Math
Animal
Physics
Anatomy
Biology
Geology
General Science
Random Quiz
Search Sporcle
×
Quiz Lab
Quiz Lab
Science
name
Type in answers that appear in a list
Type in answers that appear in a list
Classic
Best Score? Go Orange.
Dinosaurs by Description Stats
Can you name the Dinosaurs by Description?
By
DrPlatypus
15m
30 Questions
174 Plays
174 Plays
174 Plays
Comments
Comments
Give Quiz Kudos
Give Quiz Kudos
-
- Ratings
hide this ad
Replay
Link that replays current quiz
Next Quiz
Link to next quiz in quiz playlist
You Got
0%
They Got
Avg Score
55%
Avg Friend Score
Upgrade to see
Score Distribution
Jump to the score distribution portion of the page
Score
0/30
Timer
15:00
0
Plays Today
Hint
Dinosaur/Other Creature
% Correct
Tyrant Lizard King
tyrannosaurus rex
96.6%
It's always horny...oh god that was awful. It has three horns...
triceratops
83.9%
It was forever glorified in Jurassic Park for its intelligence, but was actually short and smart as a chicken...
velociraptor
80.5%
This creature in Jurassic Park didn't actually spit venom...
dilophosaurus
78.7%
It gives a giraffe a run for its money
brachiosaurus
76.4%
Spiky tail, spiky back, tiny little brain...
stegosaurus
75.9%
It would be great at baseball...or bulldozing...or anything involving clubs...
ankylosaurus
75.3%
Looks like a large crocodile with a sail on its back
spinosaurus
74.7%
He needs a pat on the back...oh, and he's a sauropod.
apatosaurus
60.9%
Like an ostrich, oh and this is our final Jurassic Park dinosaur!
gallimimus
56.9%
The cousin of Arizonaraptor...
utahraptor
56.3%
Those little buggers in Jurassic Park...you know, the green ones that eat that girl's bacon or whatever in number 2 and then try to eat her...I wish they had.
compsognathus
55.7%
And you thought your friends had thick skulls...
pachycephalosaurus
54.6%
Our favorite Jurassic theropod...
allosaurus
53.4%
Good mother...
maiasaura
52.3%
Hint
Dinosaur/Other Creature
% Correct
A very long sauropod from the Jurassic
diplodocus
50.6%
Another reptile...oh, and it was underwater with a long neck and flippy floppies...
plesiosaurus
50.6%
Made a really obnoxious noise when threatened, like Donald Trump.
parasaurolophus
50%
The largest wingspan EVER! Oh, and it's a flying reptile.
quetzalcoatlus
48.3%
Considered the first bird (yet again not a dino...).
archaeopteryx
48.3%
An underwater terror up to 21 feet that lived in the Jurassic...oh, and it's not a dinosaur, but rather an underwater reptile...and BBC claimed it was 80 feet...
liopleurodon
47.7%
Tiny, smart, bird-
like creature who's name in Greek is 'woundning tooth'
troodon
46.6%
Kind of like Bambi...only more...raptor-
y
bambiraptor
43.7%
Totally ripped off stegosaurus...only found in Tanzania by the way...
kentrosaurus
43.1%
One of the largest alligator relatives ever, mainly found in the USA! Also not a dinosaur...
deinosuchus
42%
ANOTHER underwater reptile...he was like an itchy dolphin with fat eyes...
ichthyosaurus
38.5%
New Mexico's state dinosaur, and an early dinosaur too...
coelophysis
37.9%
A Triassic dino, also very early, and could stand up on two limbs to eat off trees...
plateosaurus
37.4%
She gave birth to you (finally, a she).
yo mama
28.2%
SNAP INTO A SLIM JIM!!! OH YEAH!!!
Macho Man
14.4%
Quiz Playlist
Details
Report
Send in Message
Add To Playlist
Classic:
Type in answers that appear in a list
Quiz Source
Last Updated: Feb 16, 2017
Quiz Scoreboard
CHALLENGE
Sign Up to Join the Scoreboard
Show All
Scores
Hide
Comments
May contain spoilers
Recently Published
Click the 1999 NBA Draft
by nibperrychub
Sports
2m
Alphabetical 'K' Countries by Flag Minefield
by ylime102
Geography
3m
Pick 6: Fruits
by JohnFran
Miscellaneous
15s
More to Explore
Quiz From the Vault
Featured Blog Post
15 Basketball Trivia Facts You Can Be March Mad About
hide this ad
You Might Also Like...
Tags
dinosaur
doctor
jurassic
Jurassic Park
name
Platypus
Randy Savage
Today's Top Quizzes in Science
Browse Science
hide this ad
Today's Top Quizzes in name
Browse name
Top Contributed Quizzes in Science
1
Pick 6: Animals
2
Group Clicking: Animals II
3
Find the Spring Animals
4
The First 100 Digits of Pi
5
Square Numbers Scrambled (1-50)
6
Flowers by Accent Chairs
7
Why is the sky blue? And other physics questions.
8
Needlepoint Flowers
9
Needlepoint Flowers II
10
Cubes 1-10
Explore More
Trending Topics
Disney
Kpop
Marvel
Anime
NBA
Harry Potter
Crossword
WWE
Song
Puzzle
NFL
Pokémon
Country
Soccer
The Office
hide this ad
More By:
DrPlatypus
Quiz
Plays
Rating
Category
Featured
Created
Dinosaurs by Description
174
3.00
Science
Jun 18, 2012
Go to Creator's Profile
Score Distribution
Quiz Creator Spotlight
DrPlatypus
Follow
Send a Message
Quizzes Created
-
Created Quiz Play Count
-
More By This Creator
Popular Quizzes Today
1
Countries of Asia Without Outlines Minefield
2
Find the US States - No Outlines Minefield
3
Pick 6: Fruits
4
Alphabetical 'K' Countries by Flag Minefield
5
The Countries of the World
6
Find the US States
7
Find the Countries of Europe - No Outlines Minefield
8
US States
More Science Quizzes
Arctic Animals
Published
Trending Quizzes
Pick 6: Mountains
Pick 6: Harry Potter
Pick 6: Flags
Pick 6: NFL Teams
Pick 6: Movie Franchises
Recently Updated
NWSL Teams
pecheneg
Women's Final Four Teams by Year
bhenderson79
Presidents Quartet II
eogle
Anything But Clue(do)
eogle
Anything But Oceanian Capitals
eogle
Anything But 7
eogle
Anything But Thing
eogle
Word Ladder: February 29
pecheneg
Song Title Questions
pecheneg
Women's NCAA Tournament #1 Seeds
pecheneg
Trending Topics
Harry Potter
Marvel
Kpop
Crossword
Disney
NBA
Anime
Puzzle
The Office
Song
Pokémon
Country
NFL
WWE
Soccer
Your Account Isn't Verified!
In order to create a playlist on Sporcle, you need to verify the email address you used during registration. Go to your
Sporcle Settings
to finish the process.
Report this User
Report this user for behavior that violates our
Community Guidelines
.
Details:
Send Report
Go to the Sporcle.com Mobile Site →
Comments